<?xml version="1.0" encoding="UTF-8"?>
<record
    xmlns:xsi="http://www.w3.org/2001/XMLSchema-instance"
    xsi:schemaLocation="http://www.loc.gov/MARC21/slim http://www.loc.gov/standards/marcxml/schema/MARC21slim.xsd"
    xmlns="http://www.loc.gov/MARC21/slim">

  <leader>02528nam a2200325 a 4500</leader>
  <controlfield tag="001">000026643</controlfield>
  <controlfield tag="003">OSt</controlfield>
  <controlfield tag="005">20240229073954.0</controlfield>
  <controlfield tag="008">110324s1991    dr a          001 | spa d</controlfield>
  <datafield tag="040" ind1=" " ind2=" ">
    <subfield code="a">DO-SdBNP</subfield>
    <subfield code="b">spa</subfield>
    <subfield code="c">BNPHU</subfield>
  </datafield>
  <datafield tag="049" ind1=" " ind2=" ">
    <subfield code="a"> </subfield>
  </datafield>
  <datafield tag="082" ind1=" " ind2="4">
    <subfield code="a">917.7293</subfield>
    <subfield code="b">P953t</subfield>
    <subfield code="2">22</subfield>
  </datafield>
  <datafield tag="245" ind1="0" ind2="4">
    <subfield code="a">Los primeros turistas en Santo Domingo /</subfield>
    <subfield code="c">selecci&#xF3;n, pr&#xF3;logos y notas de Bernardo Vega ; presentaci&#xF3;n de George Arzeno Brugal.</subfield>
  </datafield>
  <datafield tag="260" ind1=" " ind2=" ">
    <subfield code="a">Santo Domingo :</subfield>
    <subfield code="b">Fundaci&#xF3;n Cultural Dominicana,</subfield>
    <subfield code="c">1991.</subfield>
  </datafield>
  <datafield tag="300" ind1=" " ind2=" ">
    <subfield code="a">315 p. :</subfield>
    <subfield code="b">il. ;</subfield>
    <subfield code="c">25 cm.</subfield>
  </datafield>
  <datafield tag="490" ind1="0" ind2=" ">
    <subfield code="a">Publicaciones de la Fundaci&#xF3;n Cultural Dominicana</subfield>
  </datafield>
  <datafield tag="500" ind1=" " ind2=" ">
    <subfield code="a">Incluye &#xED;ndice onom&#xE1;stico.</subfield>
  </datafield>
  <datafield tag="500" ind1=" " ind2=" ">
    <subfield code="a">Incluye &#xED;ndice de lugares y sitios geogr&#xE1;ficos.</subfield>
  </datafield>
  <datafield tag="500" ind1=" " ind2=" ">
    <subfield code="a">Incluye referencias bibliogr&#xE1;ficas y notas al pie de las p&#xE1;ginas </subfield>
  </datafield>
  <datafield tag="505" ind1=" " ind2=" ">
    <subfield code="a">Una carta in&#xE9;dita de Sir Robert Schomburgk / Robert Schomburgk (1850)  -- Un verano en las fronteras del Mar Caribe / Dennis Harris (1860)  -- Los campos de oro de Santo Domingo/W. S. Courtney (1860)  -- El viaje de El Escita en las Indias Occidentales/Susan de Forest Day (1898)  -- Cuba y Puerto Rico con las dem&#xE1;s islas de las Indias Occidentales / Robert T. Hill (1899)  -- La cuna de lo profundo: relato de un viaje a las indias occidentales / Frederick Treves (1908)  -- Navegando los mares soleados. Una historia de viajes / Ella Wheeler Cox (1909)  -- El mediterr&#xE1;neo Americano / Stephen Bonsal (1912)  -- Puerto Rico, pasado y presente, y el Santo Domingo de hoy / A. Hyatt Verrill (1914)  -- El libro de las Indias Occidentales/
A. Hyatt Verrill (1919) -- A trav&#xE9;s de Santo Domingo y Hait&#xED; / Samuel Guy Inman (1919)  -- Andando por las Indias Occidentales/Harry A. Franck (1921) 185 -- Las Indias Occidentales, con la Guyana Brit&#xE1;nica y Honduras Brit&#xE1;nica / George Manington (1925)  -- Las islas del Rayo Verde : Cuba, Jamaica, Hait&#xED;, Puerto Rico y Antillas Menores / Mario Appelius (1928)  -- Tras las huellas de los conquistadores/Samuel Guy Inman (1929)  -- Peinando el Caribe / Harry L. Foster (1929). </subfield>
  </datafield>
  <datafield tag="590" ind1=" " ind2=" ">
    <subfield code="a">Inventariado,2020/VM</subfield>
  </datafield>
  <datafield tag="650" ind1=" " ind2="4">
    <subfield code="a">Turistas</subfield>
    <subfield code="z">Rep&#xFA;blica Dominicana </subfield>
    <subfield code="x">Historia </subfield>
    <subfield code="9">77553</subfield>
  </datafield>
  <datafield tag="650" ind1=" " ind2="4">
    <subfield code="a">Turismo</subfield>
    <subfield code="x">Aspectos econ&#xF3;micos </subfield>
    <subfield code="z">Rep&#xFA;blica Dominicana </subfield>
    <subfield code="9">8529</subfield>
  </datafield>
  <datafield tag="651" ind1=" " ind2="4">
    <subfield code="a">Rep&#xFA;blica Dominicana  </subfield>
    <subfield code="x">Descripciones y viajes </subfield>
    <subfield code="9">1651</subfield>
    <subfield code="v"> </subfield>
    <subfield code="y">Historia</subfield>
  </datafield>
  <datafield tag="700" ind1="1" ind2=" ">
    <subfield code="a">Brugal, George Arzeno</subfield>
    <subfield code="9">53763</subfield>
  </datafield>
  <datafield tag="700" ind1="1" ind2=" ">
    <subfield code="a">Vega, Bernardo,</subfield>
    <subfield code="d">1938 -</subfield>
    <subfield code="e">pr&#xF3;l.</subfield>
    <subfield code="9">3222</subfield>
  </datafield>
  <datafield tag="710" ind1="2" ind2=" ">
    <subfield code="a">Fundaci&#xF3;n Cultural Dominicana</subfield>
    <subfield code="9">77555</subfield>
  </datafield>
  <datafield tag="910" ind1=" " ind2=" ">
    <subfield code="a">VMateo /Validado. Control de calidad MFF</subfield>
  </datafield>
  <datafield tag="942" ind1=" " ind2=" ">
    <subfield code="2">ddc</subfield>
    <subfield code="c">LBS1</subfield>
  </datafield>
  <datafield tag="952" ind1=" " ind2=" ">
    <subfield code="0">0</subfield>
    <subfield code="1">0</subfield>
    <subfield code="2">ddc</subfield>
    <subfield code="5">1</subfield>
    <subfield code="7">0</subfield>
    <subfield code="8">PD</subfield>
    <subfield code="a">BNPHU</subfield>
    <subfield code="b">PD</subfield>
    <subfield code="c">HD</subfield>
    <subfield code="d">2011-03-24</subfield>
    <subfield code="i"> </subfield>
    <subfield code="o">BNPHU PD 917.7293 P953t</subfield>
    <subfield code="p">26643-10</subfield>
    <subfield code="r">2020-06-25</subfield>
    <subfield code="w">2020-06-25</subfield>
    <subfield code="y">LBS1</subfield>
    <subfield code="z">Perteneci&#xF3; a la biblioteca personal de Germ&#xE1;n Emilio Ornes</subfield>
  </datafield>
  <datafield tag="952" ind1=" " ind2=" ">
    <subfield code="0">0</subfield>
    <subfield code="1">0</subfield>
    <subfield code="2">ddc</subfield>
    <subfield code="5">1</subfield>
    <subfield code="7">0</subfield>
    <subfield code="8">PD</subfield>
    <subfield code="a">BNPHU</subfield>
    <subfield code="b">BNPHU</subfield>
    <subfield code="c">HD</subfield>
    <subfield code="d">2011-06-15</subfield>
    <subfield code="i"> </subfield>
    <subfield code="o">BNPHU PD 917.7293 P953t</subfield>
    <subfield code="p">26643-20</subfield>
    <subfield code="r">2020-06-25</subfield>
    <subfield code="t">e. 2</subfield>
    <subfield code="w">2020-06-25</subfield>
    <subfield code="y">LBS1</subfield>
  </datafield>
  <datafield tag="952" ind1=" " ind2=" ">
    <subfield code="0">0</subfield>
    <subfield code="1">0</subfield>
    <subfield code="2">ddc</subfield>
    <subfield code="5">6</subfield>
    <subfield code="7">0</subfield>
    <subfield code="8">DS</subfield>
    <subfield code="a">BNPHU</subfield>
    <subfield code="b">BNPHU</subfield>
    <subfield code="c">HD</subfield>
    <subfield code="d">2011-06-15</subfield>
    <subfield code="i"> </subfield>
    <subfield code="o">BNPHU DS 917.7293 P953t</subfield>
    <subfield code="p">2020-0664</subfield>
    <subfield code="r">2020-12-09</subfield>
    <subfield code="t">e. 3</subfield>
    <subfield code="w">2020-06-25</subfield>
    <subfield code="y">LBS1</subfield>
  </datafield>
  <datafield tag="952" ind1=" " ind2=" ">
    <subfield code="0">0</subfield>
    <subfield code="1">0</subfield>
    <subfield code="2">ddc</subfield>
    <subfield code="5">6</subfield>
    <subfield code="7">0</subfield>
    <subfield code="8">DS</subfield>
    <subfield code="a">BNPHU</subfield>
    <subfield code="b">BNPHU</subfield>
    <subfield code="c">HD</subfield>
    <subfield code="d">2011-06-15</subfield>
    <subfield code="e">INTEC</subfield>
    <subfield code="i"> </subfield>
    <subfield code="o">BNPHU DS 917.7293 P953t</subfield>
    <subfield code="p">2022-5850</subfield>
    <subfield code="r">2020-12-09</subfield>
    <subfield code="t">e. 4</subfield>
    <subfield code="w">2020-06-25</subfield>
    <subfield code="y">LBS1</subfield>
  </datafield>
  <datafield tag="999" ind1=" " ind2=" ">
    <subfield code="c">26135</subfield>
    <subfield code="d">26135</subfield>
  </datafield>
</record>
